000 01282cam a2200313 a 4500
001 13025265
003 OSt
005 20180117085951.0
008 021209s2004 at a b 001 0 eng
010 _a 2002117036
020 _a053461227X (student ed.)
020 _a0534612296 (instructor's ed.)
035 _a(DLC) 2002117036
040 _aDLC
_cDLC
_dDLC
050 0 0 _aBF121
_b.C625 2004
082 0 0 _a150
_222
100 1 _aCoon, Dennis.
245 1 0 _aIntroduction to psychology :
_bgateways to mind and behavior /
_cDennis Coon.
250 _a10th ed.
260 _aAustralia ;
_aBelmont, CA :
_bWadsworth/Thomson,
_cc2004.
300 _a1 v. (various pagings) :
_bill. (chiefly col.) ;
_c29 cm.
504 _aIncludes bibliographical references and indexes.
650 0 _aPsychology
_vTextbooks.
906 _a7
_bcbc
_corignew
_d3
_eepcn
_f20
_gy-gencatlg
942 _2ddc
_cBK
999 _c2860
_d2860